Eucharist and evening canticles

Uloženo v:
Podrobná bibliografie
Hlavní autor: Whitbourn, James (Autor)
Médium: Kniha
Jazyk:angličtina
Vydáno: Londres Stainer & Bell 1988
Vydání:1a. ed
Edice:Invitation to medieval music, 7
Témata:
Tagy: Přidat tag
Žádné tagy, Buďte první, kdo vytvoří štítek k tomuto záznamu!

MARC

LEADER 00000nam a2200000 a 4500
001 UCK7197
003 CL-VaPUC
005 20250307111543.0
008 051111e19880000UK |||||||||||||||||eng|d
999 |c 315237  |d 315235 
020 |a 0852496842 
040 |c Pontificia Universidad Católica de Valparaíso 
082 0 4 |a Ca781.7  |b WHI  |2 21 
100 0 |a Whitbourn, James  |e author  |9 496655 
245 1 0 |a Eucharist and evening canticles 
250 |a 1a. ed 
260 |a Londres  |b Stainer & Bell  |c 1988 
300 |a 32 p 
490 0 |a Invitation to medieval music, 7 
583 |a last modification  |c 20051111 00:00:00  |k Rodrigo Vera 
650 0 |a Canciones  |2 CL-VaPUC  |9 306659 
650 0 |a Música medieval  |9 391244 
650 0 |a Eucaristía  |9 257336 
650 0 |a Partituras  |9 324008 
650 0 |a Música sacra  |9 306656 
650 0 |a Música vocal sacra  |9 391250 
942 |c BK  |2 ddc 
945 |d 20051111 00:00:00  |a cmena 
952 |0 0  |1 0  |4 0  |6 CA_781_700000000000000_WHI_1988  |7 0  |8 F  |9 388225  |a BIBEDU  |b BIBEDU  |d 2019-11-22  |i 4163354  |o Ca781.7 WHI 1988  |p 4163354  |r 2023-11-22  |w 2019-11-22  |y BK_F  |k MUS